| 000 | 00655nam a2200241 c 4500 | ||
|---|---|---|---|
| 001 | a5421112 | ||
| 003 | CO-ViMGA | ||
| 005 | 20230915233143.0 | ||
| 008 | 131029s2013 sp | |||| 000 f spa | ||
| 020 | _a9788415355823 | ||
| 040 |
_aCO-ViMGA _bspa _cCO-ViMGA |
||
| 041 | 1 | _heng | |
| 082 | 0 | 4 |
_a823 _bH17c |
| 100 | 1 |
_aHarris, Joanne _d1964- _95151 |
|
| 240 | 1 | 0 |
_aChocolat _lEspaƱol |
| 245 | 1 | 0 |
_aChocolat / _cJoanne Harris ; [traduccion, Roser Berdague] |
| 260 |
_aBarcelona : _bDuomo, _c2013. |
||
| 300 |
_a295 p. : _c25 cm. |
||
| 490 | 0 | _aLos imperdibles | |
| 650 | 1 | 4 |
_aNovela inglesa _91291 |
| 700 | 1 |
_aBerdague, Roser _95152 |
|
| 942 |
_2ddc _cBK |
||
| 999 |
_c35914 _d35914 |
||